Top 100 giocatori del Milan - Statistics

Statistiche generali
  • Questo quiz è stato fatto 373 volte
    359 dall'ultimo reset
  • Il punteggio medio è 46 su 100
Statistiche sulle risposte
Hint Risposta % Corretto
18 Cesare Maldini
97%
75 Paolo Maldini
97%
81 Ricardo Kakà
90%
9 Andrea Pirlo
89%
80 Rafael Leao
87%
30 Franco Baresi
84%
33 Gennaro Gattuso
84%
64 Marco Van Basten
84%
90 Ruud Gullit
84%
99 Zlatan Ibrahimovic
84%
6 Alessandro Nesta
82%
26 Dida
82%
20 Clarence Seedorf
81%
29 Filippo Inzaghi
80%
10 Andrij Shevchenko
78%
92 Sebastiano Rossi
78%
89 Rui Costa
77%
87 Ronaldinho
75%
19 Christian Abbiati
73%
36 Gianluigi Donnarumma
73%
96 Theo Hernandez
71%
5 Alessandro Costacurta
70%
8 Alexandre Pato
68%
14 Cafu
67%
71 Mike Maignan
67%
88 Ronaldo
67%
32 Frank Rijkaard
66%
37 Gianni Rivera
63%
74 Olivier Giroud
63%
15 Carlo Ancelotti
60%
23 Davide Calabria
60%
69 Massimo Ambrosini
59%
27 Fikayo Tomori
56%
91 Sandro Tonali
54%
31 Frank Kessiè
52%
85 Roberto Baggio
52%
93 Serginho
52%
47 Ignazio Abate
49%
49 Jaap Stam
49%
53 Kakha Kaladze
49%
70 Mauro Tassotti
48%
34 George Weah
47%
57 Leonardo Bonucci
47%
7 Alessio Romagnoli
46%
17 Carlos Bacca
46%
86 Roberto Donadoni
46%
97 Thiago Silva
46%
35 Gianluca Zambrotta
44%
43 Gunnar Nordahl
44%
66 Mario Balotelli
44%
25 Demetrio Albertini
43%
46 Hernan Crespo
42%
65 Marek Jankulovski
42%
82 Riccardo Montolivo
42%
16 Carlo Galli
40%
22 David Beckham
40%
28 Filippo Galli
40%
38 Giovanni Galli
40%
21 Daniele Massaro
39%
48 Ismael Bennacer
38%
95 Suso
38%
24 Dejan Savicevic
37%
100 Zvonimir Boban
37%
83 Rivaldo
36%
1 Alberico Evani
33%
55 Kevin-Prince Boateng
33%
78 Pierre Kalulu
33%
44 Hakan Calhanoglu
32%
51 Josè Altafini
32%
62 Marcel Desailly
32%
72 Nils Liedholm
30%
73 Oliver Bierhoff
30%
63 Marco Simone
28%
76 Philippe Mexes
27%
79 Pietro Paolo Virdis
27%
50 Jean-Pierre Papin
26%
94 Stephan El Shaarawy
26%
68 Mark van Bommel
25%
56 Krzysztof Piatek
23%
77 Pierino Prati
22%
13 Bruno Mora
21%
40 Giovanni Trapattoni
20%
42 Gunnar Gren
18%
84 Roberto Antonelli
16%
4 Aldo Maldera
15%
54 Karl-Heinz Schnellinger
13%
2 Alberto Bigon
12%
39 Giovanni Lodetti
12%
45 Herbert Kilpin
12%
52 Juan Alberto Schiaffino
12%
67 Mark Hateley
12%
11 Angelo Anquilletti
11%
58 Lorenzo Buffon
11%
3 Aldo Boffi
10%
12 Angelo Sormani
10%
98 Thomas Helveg
9%
60 Luciano Chiarugi
7%
59 Louis Van Hege
4%
61 Luigi Radice
4%
41 Giuseppe Santagostini
0%
Nessun quiz corrispondente trovato
Distribuzione punteggi
Percentuale di utenti per punteggio
Percentile per numero di risposta
I tuoi punteggi nel tempo
Non hai fatto questo quiz dall'ultimo reset